Concepts in Solids (Record no. 530946)

000 -LEADER
fixed length control field 00328nam a2200133Ia 4500
008 - FIXED-LENGTH DATA ELEMENTS--GENERAL INFORMATION
fixed length control field 191014s9999 xx 000 0 und d
020 ## - INTERNATIONAL STANDARD BOOK NUMBER
International Standard Book Number LC 63-21516
082 ## - DEWEY DECIMAL CLASSIFICATION NUMBER
Classification number 531
Author Mark AND
100 ## - MAIN ENTRY--PERSONAL NAME
Personal name P.W.Anderson
9 (RLIN) 20368
245 #0 - TITLE STATEMENT
Title Concepts in Solids
260 ## - PUBLICATION, DISTRIBUTION, ETC.
Place of publication, distribution, etc. New York
Name of publisher, distributor, etc. W.A.Benjamin Inc.
Date of publication, distribution, etc. 1963
300 ## - PHYSICAL DESCRIPTION
Extent X,188
942 ## - ADDED ENTRY ELEMENTS (KOHA)
Koha item type Book
Holdings
Withdrawn status Lost status Damaged status Not for loan Permanent Location Current Location Date acquired Source of acquisition Cost, normal purchase price Total Checkouts Full call number Barcode Date last seen Price effective from Koha item type
        School of Natural Sciences (SNS) School of Natural Sciences (SNS) 10/15/2019 Donation 0.00   531AND SNS0002723 10/15/2019 10/15/2019 Book
© 2023 Central Library, National University of Sciences and Technology. All Rights Reserved.